Documenta Geigy. (Registro nro. 753)

Detalles MARC
000 -LEADER
fixed length control field 00674 am a2200217 a 4500
005 - FECHA ULTIMA MODIFICACION
control field 20231219124057.0
008 - CAMPO DE CONTROL (LIBRO)
fixed length control field 100923s1958||||sp d f |||| 001 0 spa d
020 ## - INTERNATIONAL STANDARD BOOK NUMBER
ISBN S/N
041 ## - CODIGO DE IDIOMA
Código de idioma del texto/pista de sonido o título separado spa
092 ## - SIGNATURA TOPOGRAFICA DEWEY LOCAL
número de clasificación 515.021
libristica 28
sección GEI
100 1# - ENTRADA PRINCIPAL--NOMBRE PERSONAL
Nombre personal Geigy, J. R.
9 (RLIN) 1418
245 ## - TITULO PROPIAMENTE DICHO
Título Documenta Geigy.
Subtítulo y Título paralelo Tablas científicas /
Mención de responsabilidad y remanente de la transcripción de la portada J. R. Geigy.
250 ## - MENCION DE EDICION
Mención de edición 5a ed.
260 ## - PIE DE IMPRENTA
Lugar de publicación, distribución, etc Barcelona:
Nombre de la editorial, distribuidor, etc Sociedad Alianza de Artes Gráficas;
Fecha de publicación 1958.
300 ## - DESCRIPCION FISICA
Extension 444 p.
500 ## - NOTA GENERAL
Nota general Geigy, J. (1958). Documenta Geigy. Tablas científicas. (5a ed.). Barcelona : Sociedad Alianza de Artes Gráficas.
653 ## - TÉRMINO INDIZADO - PALABRAS CLAVES
Palabra clave Tablas científicas
653 ## - TÉRMINO INDIZADO - PALABRAS CLAVES
Palabra clave Estadísticas
930 ## - NUMERO DE INVENTARIO
Número de inventario 754
942 ## - ADDED ENTRY ELEMENTS (KOHA)
Source of classification or shelving scheme Dewey Decimal Classification
Item type Libros
Existencias
Estado de retiro Existencia Estado general No para prestamo Ubicación permanente ubicación actual Sala de ubicación Fecha de adquisición Total Checkouts Número de clasificación Código de barras Date last seen Número de ejemplar Price effective from Koha tipo de elemento (item) Fuente de clasificación Total Renewals Checked out Date last borrowed Public note
        Biblioteca Medicina Biblioteca Medicina Circulación 13/05/2011   515.021 28 GEI 754 06/11/2014 ej.1 13/05/2011 Libros          
        Biblioteca Medicina Biblioteca Medicina Referencia 24/08/2011 1 515.021 28 GEI 262 06/11/2014 ej.1 24/08/2011 Libros Dewey Decimal Classification 12 01/03/2029 24/08/2011 LIBRO DE CATEDRA

UNIVERSIDAD NACIONAL DEL COMAHUE
Biblioteca de la Facultad de Ciencias Médicas
Sede Toschi: Los Arrayanes y Av. Toschi, Cipolletti  - Rio Negro
Sede Los Tordos:  Yrigoyen al 2211, Cipolletti - Rio Negro 

Teléfono: 0299 - 4774707 int 25
Contacto: biblioteca@facimed.uncoma.edu.ar
© 2011 - 2026